000 00733nam a2200289Ia 4500
005 20260324132621.0
008 008 260324s9999 xx 000 0 eng d
020 _a9780203051177
037 _aEBOOK
040 _aCRL
040 _beng
040 _cCRL
041 _2eng
041 _aeng
084 _qCRL
100 _aEric Laws; Maree Thyne
_91189972
245 0 _aHospitality, Tourism, and Lifestyle Concepts
245 0 _bImplications for Quality Management and Customer Satisfaction
260 _bTaylor and Francis
260 _c2004
365 _a
365 _b230
856 _uhttp://www.taylorfrancis.com/books/9780203051177
942 _cEBOOK
999 _c1788229
_d1788229